Đạo lập nghiệp

保存先:
書誌詳細
第一著者: Trí Tuệ
フォーマット: 図書
言語:Undetermined
出版事項: Cà Mau Mũi Cà Mau 2004
主題:
タグ: タグ追加
タグなし, このレコードへの初めてのタグを付けませんか!
Thư viện lưu trữ: Trung tâm Học liệu Trường Đại học Cần Thơ
LEADER 00553nam a2200205Ia 4500
001 CTU_60277
008 210402s9999 xx 000 0 und d
020 |b 27000 
082 |a 153.8 
082 |b Tr300 
100 |a Trí Tuệ 
245 0 |a Đạo lập nghiệp 
245 0 |c Trí Tuệ 
260 |a Cà Mau 
260 |b Mũi Cà Mau 
260 |c 2004 
650 |a Success,Energy,Will 
650 |x Psychological aspects,Psychological aspects 
904 |i Minh, Năm 
980 |a Trung tâm Học liệu Trường Đại học Cần Thơ